00512nam a2200193 a 4500001001300000003000900013005001700022008004100039020000900080082001500089100002300104245003300127260002500160300000900185500003500194505004700229650001900276650002300295nice12345678IN_TiNIC20260116013302.0050524s1996 dela grp 000 0 eng  ac6000a230.1bHEI aHeiler, Frieddrich aGospel of Sadhu Sunder Singh aDelhi bISPCK c1996 a195p aincludes index and biblioraphy2 aCollection of essays and talks 1992 - 1996 aTheology-India aSadhu Sunder Singh